Problem-oriented medical diagnosis / (Record no. 3086)

000 -LEADER
fixed length control field 00894nam a2200301 a 4500
003 - CONTROL NUMBER IDENTIFIER
control field ALUPE UNIVERSITY
005 - DATE AND TIME OF LATEST TRANSACTION
control field 20210813065509.0
008 - FIXED-LENGTH DATA ELEMENTS--GENERAL INFORMATION
fixed length control field 950628s1996 maua bf 001 0 eng c
020 ## - INTERNATIONAL STANDARD BOOK NUMBER
International Standard Book Number 0316293873
040 ## - CATALOGING SOURCE
Transcribing agency ALUPE UNIVERSITY
049 ## - LOCAL HOLDINGS (OCLC)
Holding library UOHA
050 10 - LIBRARY OF CONGRESS CALL NUMBER
Classification number RC71
Item number .P74 1996
060 00 - NATIONAL LIBRARY OF MEDICINE CALL NUMBER
Classification number 1996 A-935
060 10 - NATIONAL LIBRARY OF MEDICINE CALL NUMBER
Classification number WB 141
Item number P962 1996
090 ## - LOCALLY ASSIGNED LC-TYPE CALL NUMBER (OCLC); LOCAL CALL NUMBER (RLIN)
Classification number (OCLC) (R) ; Classification number, CALL (RLIN) (NR) RC69 .P76 1996
245 00 - TITLE STATEMENT
Title Problem-oriented medical diagnosis /
Statement of responsibility, etc. edited by H. Harold Friedman.
250 ## - EDITION STATEMENT
Edition statement 6th ed.
260 ## - PUBLICATION, DISTRIBUTION, ETC.
Place of publication, distribution, etc. Boston :
Name of publisher, distributor, etc. Little, Brown,
Date of publication, distribution, etc. 1996.
300 ## - PHYSICAL DESCRIPTION
Extent xix, 487 p. :
Other physical details ill. ;
Dimensions 22 cm.
500 ## - GENERAL NOTE
General note Little, Brown spiral manual.
504 ## - BIBLIOGRAPHY, ETC. NOTE
Bibliography, etc. note Includes bibliographical references and index.
650 #0 - SUBJECT ADDED ENTRY--TOPICAL TERM
Topical term or geographic name entry element Diagnosis
Form subdivision Handbooks, manuals, etc.
650 #2 - SUBJECT ADDED ENTRY--TOPICAL TERM
Topical term or geographic name entry element Diagnosis.
700 1# - ADDED ENTRY--PERSONAL NAME
Personal name Friedman, H. Harold
Fuller form of name (Henry Harold),
Dates associated with a name 1917-
907 ## - LOCAL DATA ELEMENT G, LDG (RLIN)
a .b20009197
942 ## - ADDED ENTRY ELEMENTS (KOHA)
Source of classification or shelving scheme
Koha item type Book
Suppress in OPAC PW
Holdings
Withdrawn status Lost status Source of classification or shelving scheme Damaged status Not for loan Permanent Location Current Location Shelving location Date acquired Source of acquisition Total Checkouts Full call number Barcode Date last seen Price effective from Koha item type Public note
          AU LIBRARY AU LIBRARY Open Shelf 13.08.2021 DONATION FROM MOI UNIVERSITY   RC71 .P74 1996 28004157 13.08.2021 13.08.2021 Book PW

Powered by Koha